| 000 | 01633cam a22004098i 4500 | ||
|---|---|---|---|
| 001 | 121411 | ||
| 005 | 20230328143923.0 | ||
| 008 | 230328s2018 enk b 001 0 eng | ||
| 010 | _a 2017049521 | ||
| 020 | _a9780815348368 (pbk. : alk. paper) | ||
| 040 | _aDLC | ||
| 041 | _aeng | ||
| 043 | _ae-uk--- | ||
| 082 | 0 | 0 | _a343.4107 |
| 100 | 1 |
_aHughes, Kelvin _c(Engineering consultant), _eauthor. |
|
| 245 | 1 | 0 |
_aUnderstanding NEC4 term service contract / _cKelvin Hughes and Patrick Waterhouse. |
| 246 | 3 | _aUnderstanding the new engineering contract third, term service contracts | |
| 263 | _a1803 | ||
| 264 | 1 |
_aAbingdon, Oxon / New York, NY : _bRoutledge, _c2018. |
|
| 300 | _a220p. | ||
| 336 |
_atext _btxt _2rdacontent |
||
| 337 |
_aunmediated _bn _2rdamedia |
||
| 338 |
_avolume _bnc _2rdacarrier |
||
| 490 | 0 | _aUnderstanding construction series | |
| 504 | _aIncludes bibliographical references and index. | ||
| 505 | 0 | _aIntroduction -- Early warnings -- Contractor's main responsibilities -- Time -- Quality management -- Payment -- Compensation events -- Use of equipment, plant and materials -- Liabilities and insurance -- Termination -- Resolving and avoiding disputes -- Tenders. | |
| 610 | 2 | 0 | _aNEC Contracts. |
| 650 | 0 |
_aCivil engineering contracts _zGreat Britain. |
|
| 650 | 0 | _aNEC4 | |
| 650 | 0 |
_aConstruction contracts _zGreat Britain. |
|
| 651 | _aUnited Kingdom | ||
| 690 |
_96230 _aConstruction management |
||
| 700 | 1 |
_aWaterhouse, Patrick _c(Civil engineer), _eauthor. |
|
| 906 |
_a7 _bcbc _corignew _d1 _eecip _f20 _gy-gencatlg |
||
| 942 | _n0 | ||
| 999 |
_c121411 _d121411 |
||